Adventures : workbook elementary /

Guardado en:
Autor Principal: Gammidge, Mick
Otros Autores: Wetz, Ben
Formato: Libro
Publicado: New York (state) : Oxford, 2002
Materias:
Etiquetas: Agregar Etiqueta
Sin Etiquetas, Sea el primero en etiquetar este registro!
LEADER 00848nam a22002415a 4500
001 CEM.cems011644
005 20080331121239.0
008 130507s2002##################000#0#####d
003 CEMS
020 |a 0194378101 
082 0 4 |a 428.64 
100 1 |a Gammidge, Mick 
245 1 0 |a Adventures :  |b workbook elementary /  |c Mick Gammidge, Ben Wetz 
260 |a New York (state) :  |b Oxford,  |c 2002 
300 |a 88 p. 
653 |a Inglés 
653 |a Inglés-textos 
700 1 |a Wetz, Ben 
859 |a CEMS  |b BIB. CEMS - 11 de abril  |h 428.64  |i W53-5  |p 22610.04  |t Ej.1 
859 |a CEMS  |b BIB. CEMS - 11 de abril  |h 428.64  |i W53-5  |p 22615.04  |t Ej.4 
859 |a CEMS  |b BIB. CEMS - 11 de abril  |h 428.64  |i W53-5  |p 22616.04  |t Ej.2 
859 |a CEMS  |b BIB. CEMS - 11 de abril  |h 428.64  |i W53-5  |p 22617.04  |t Ej.3 
859 |a CEMS  |b BIB. CEMS - 11 de abril  |h 428.64  |i W53-5  |p 25068.08  |t Ej.5